000 00535nam a2200217Ia 4500
003 OSt
005 20220928140519.0
006 a|||||r|||| 00| 0
007 ta
008 220927b |||||||| |||| 00| 0 eng d
024 _a9122
037 _cTextual
040 _aSDCL
_cSDCL
_beng
041 _2eng
_aeng
082 _aD6,8(B),43, N2
100 _aRowden Chris Ed.
_9495643
245 0 _aSpeech processing
260 _c1992
942 _hD6,8(B),43, N2
_cTEXL
_2CC
999 _c811870
_d811870